The pages of my life : (Record no. 49003)

MARC details
000 -LEADER
fixed length control field 01159nam a22002537a 4500
005 - DATE AND TIME OF LATEST TRANSACTION
control field 20101207120811.0
010 ## - LCCN (DPL NO)
LC control number ENG-101777 B-430977
020 ## - INTERNATIONAL STANDARD BOOK NUMBER
International Standard Book Number 9780198066941
Terms of availability 495.00
020 ## - INTERNATIONAL STANDARD BOOK NUMBER
International Standard Book Number 0198066945
Terms of availability 495.00
035 ## - SYSTEM CONTROL NUMBER
System control number EN-85310 B-430977
037 ## - SOURCE OF ACQUISITION
Source of stock number/acquisition DBAD/PUB
037 ## - SOURCE OF ACQUISITION
Source of stock number/acquisition Allied Pub/Ven
082 ## - DEWEY DECIMAL CLASSIFICATION NUMBER
Classification number 921
100 ## - MAIN ENTRY--PERSONAL NAME
Personal name Hiranandani,Popati
245 ## - TITLE STATEMENT
Title The pages of my life :
Remainder of title autobiography and selected stories /
Statement of responsibility, etc by Popati Hiranandani ; translated from Sindhi by Jyoti Panjwani
260 ## - PUBLICATION, DISTRIBUTION, ETC. (IMPRINT)
Place of publication, distribution, etc New Delhi
Name of publisher, distributor, etc Oxford University Press
Date of publication, distribution, etc 2010
270 ## - ADDRESS
Address YMCA Library Building, Jai Singh Road
City New Delhi
Postal code 110001
300 ## - PHYSICAL DESCRIPTION
Extent cv,179p.
Dimensions 23cm (Hb)
700 ## - ADDED ENTRY--PERSONAL NAME
Personal name Panjwani,Jyoti
9 (RLIN) 24642
942 ## - ADDED ENTRY ELEMENTS (KOHA)
Source of classification or shelving scheme Dewey Decimal Classification
Item type English Books
Classification part 921
Call number suffix HIR
Holdings
Withdrawn status Lost status Not for loan Collection code Home library Current library Date acquired Source of acquisition Cost, normal purchase price Full call number Barcode Copy number Cost, replacement price Koha item type
      Non-fiction Central Library Central Library 27/06/2011 Allied Pub/2951/29.3.11/78/14.3.11/31.3.11 495.00 921 HIR B-430977 1 495.00 English Books
    Not For Loan Non-fiction D.B.Act.Division D.B.Act.Division 07/12/2010 DBAD/PUB 495.00 921 HIR EN-85310 1 495.00 English Books

© Delhi Public Library
Hit Counter
free hit counter